000
00336nam a2200133Ia 4500
008
220204s9999 xx 000 0 und d
020
_a
817771394
082
_a
347.78
_b
NAR
100
_a
Narayanan, P
245
0
_a
Law of copyright and industrial designs
250
_a
Ed.3
260
_a
Kolkata
_b
Eastern Law House
_c
2002
942
_c
BK
999
_c
42078
_d
42078